Регионална библиотека "Любен Каравелов" - Русе

Мила мамо (Запис номер 319929)

MARC детайли
000 -Лидер
Контролно поле с фиксирана дължина 00699nja a2200205 a 4500
003 - Код на организацията, давaща контролен номер
Контролно поле BLK
005 - Дата и час на последна редакция
Контролно поле 20230801120854.0
008 - Елементи от данни с фиксирана дължина
fixed length control field 180414c bul|r|ner|||| 00| c0bul d
010 ## - Наследен системен номер
LC control number NOT00003559019
040 ## - Източник на каталожния запис
Идентификатор на билиотеката - собственик на записа BLK
100 ## - Редна дума - Автор
Автор Николов, Лазар Костов
Дати, свързани с автора 1922-2005
R(LIN) 388913
245 10 - Сведения за заглавието
Заглавие Мила мамо
Редно поле (дума) Лазар Костов Николов.
257 ## - Страна на издаване
Страна на създаване/издаване България
380 ## - Жанр
Жанр Изкуство
773 ## - Описание на основна библиографска единица при аналитични записи (многотомни)
Host Biblionumber 319910
Host Itemnumber 673007
Редна дума на основното описание Николов, Лазар Костов
Заглавие Пиеси за цигулка
852 ## - Местоположение
Форматна сигнатура Цб М ІІ 7415
942 ## - АРТИКУЛИ
Вид на библиотечния материал Нотни издания
Скрит в OPAC Не
944 ## - СЪЗДАВАНЕ И РЕДАКЦИЯ на ЗАПИСА
Създаване/Редакция Създаване
Дата на регистрацията/редакция 15.03.2016
Служител, извършил регистрацията/редакцията 30556
Статус, дата на статуса Теодора Пейчева-Дянкова
944 ## - СЪЗДАВАНЕ И РЕДАКЦИЯ на ЗАПИСА
Създаване/Редакция Редакция
Дата на регистрацията/редакция 15.03.2016
Служител, извършил регистрацията/редакцията Камелия_Данева
999 ## - СИСТЕМНИ КОНТРОЛНИ НОМЕРА
Koha biblionumber 319929
Koha biblioitemnumber 319929
Наличности
Код за отписване Код за изгубен артикул Код за повреда Коз за рестрикции Код за отдаване Артикулен № Име на библиотеката - собственик Име на библиотеката, в която се намира в момента Статус (Текущо местоположение) Дата на вписване в системата Местоположение - отдел Цена в лева Инвентарен номер Систематично азбучна сигнатура Баркод Номер на екземпляра Цена в евро Служебна бележка Служебен тип на артикула Бележка за публиката
  Не е изгубен Не е повреден само за читалня ползва се в читалня 673026 Регионална библиотека "Любен Каравелов" Русе Регионална библиотека "Любен Каравелов" Русе Аналитични записи 2018-04-14 Аналитични записи 0.00 901900003559 Цб М ІІ 7415 901900003559 19 0.00 аналитичен запис Статия Това е описние на част от артикул: Пиеси за цигулка
Vip Innovations Ltd, Rousse, Bulgaria 2025